Jedeň deň Ježiša Krista

Bibliographic Details
Main Author: Slávsky, Jozef (Author)
Format: Article
Language:Slovak
PhysicalDescription:Fotogr.
ISSN:1337-0529
Subjects:

MARC

LEADER 00000nab a2200000 ar4500
001 vtls010130005
003 SK-MaSNL
005 20260303093525.0
008 100908c2009 xo ||||||||||||00 b|slo
015 |a SNBRB2010/09  |2 snkbucl 
038 |a SNKBUCL 
040 |a SNKBUCL  |b slo  |c SNKBUCL  |e AACR2 
041 0 |a slo 
044 |a xo  |c SK 
080 |a 27-32  |2 2001 
080 |a 2-563.1  |2 2001 
100 1 |a Slávsky, Jozef  |4 aut  |9 1084695 
245 1 0 |a Jedeň deň Ježiša Krista  |c Jozef Slávsky 
300 |b Fotogr. 
600 0 7 |a Ježiš Kristus  |2 snkbucl 
773 0 |t Zrno  |g Roč. XX, č. 6 (2009), s. 4-5  |x 1337-0529 
852 |a SNK  |b KIS3GCP 
958 |a NT 
999 |c 1816002  |d 1817932